Most Popular Forms of Katherine (US 2013) Quiz Stats

Quiz not verified by Sporcle

Challenge
Share
Tweet
Embed
Score 0/35 Timer 10:00
0 Plays Today
Rank Name % Correct
172Catherine
92.2%
77Katherine
87.7%
184Kate
86.2%
244Katie
82.6%
272Kathryn
76.9%
915Kai
56.9%
664Kathleen
53%
134Kaitlyn
49.3%
143Katelyn
48.9%
405Caitlyn
48.1%
466Caitlin
46.4%
488Katelynn
29.6%
41Kaylee
29.3%
95Kayla
28.6%
416Karen
25.3%
841Kaitlynn
25.2%
450Kaylie
21.1%
279Kayleigh
19%
Rank Name % Correct
395Catalina
17.4%
386Karina
16.4%
452Kailey
16%
980Kaylyn
15.4%
594Caylee
15.1%
494Kailyn
14.6%
735Kailee
14.1%
462Kaylin
13.1%
441Kaelyn
12.8%
601Kaylynn
12.5%
870Katalina
10.9%
850Kaleigh
10.3%
937Kaylen
9.9%
605Kaia
7.6%
855Kairi
3.6%
805Keyla
2.8%
973Kaiya
1.8%

You're not logged in!

Compare scores with friends on all Sporcle quizzes.
Sign Up with Email
OR
Log In

You Might Also Like...

Show Comments

Extras

Top Quizzes Today


Score Distribution

Your Account Isn't Verified!

In order to create a playlist on Sporcle, you need to verify the email address you used during registration. Go to your Sporcle Settings to finish the process.

Report this User

Report this user for behavior that violates our Community Guidelines.

Details: